[Event "GRE-chT U16"]
[Site "Thessaloniki"]
[Date "2021.12.17"]
[Round "2.6"]
[White "Karanasou, Angeliki Maria"]
[Black "Orfanaki, Kalliopi"]
[Result "0-1"]
[WhiteElo "990"]
[BlackElo "1244"]
[PlyCount "120"]
[EventDate "2021.12.16"]
[EventType "team-swiss"]
[EventRounds "6"]
[EventCountry "GRE"]
[SourceTitle "CBM 205 Extra"]
[Source "ChessBase"]
[SourceDate "2022.01.31"]
[SourceVersion "1"]
[SourceVersionDate "2022.01.31"]
[SourceQuality "1"]
[WhiteTeam "Kalamarias Han"]
[BlackTeam "OFI"]
[WhiteTeamCountry "GRE"]
[BlackTeamCountry "GRE"]

1. e4 c5 2. Nf3 a6 3. d3 b5 4. c4 bxc4 5. dxc4 Bb7 6. Nc3 e6 7. Be3 d6 8. a3 Nf6 9. e5 Ng4 10. Bf4 Qb6 11. Rb1 dxe5 12. Nxe5 Nxe5 13. Bxe5 Nd7 14. Bf4 Rd8 15. Qe2 Be7 16. Na2 a5 17. Bd2 Nf6 18. f3 0-0 19. b4 axb4 20. axb4 cxb4 21. Bxb4 Bxb4+ 22. Rxb4 Qa5 23. Qb2 Rd6 24. Qb3 Rfd8 25. Be2 Nd5 26. Qa4 Qxa4 27. Rxa4 Ne3 28. Kf2 Nf5 29. Rc1 Rc6 30. Nb4 Rc5 31. Ra7 Rb8 32. Na6 Bxa6 33. Rxa6 Rbc8 34. Rb6 h6 35. Rb4 Kf8 36. Ke1 Ke7 37. Kd2 Rd8+ 38. Kc3 Ne3 39. g3 Nd5+ 40. Kd4 Rc6 41. Rb7+ Kf6 42. Bd3 Nf4+ 43. Kc3 Nxd3 44. Rd1 Nc5 45. Rxd8 Nxb7 46. Rd7 Nd6 47. c5 Rxc5+ 48. Kd4 Rd5+ 49. Kc3 Nb5+ 50. Kc4 Rxd7 51. Kxb5 Ke5 52. Kc6 Rd2 53. h4 Kf5 54. Kc5 Rd3 55. g4+ Kf4 56. Kc4 Rxf3 57. Kd4 e5+ 58. Kd5 e4 59. Kd4 Rd3+ 60. Kc4 Rd8 0-1

[Event "GRE-ch U12 Girls"]
[Site "Patras"]
[Date "2021.09.03"]
[Round "5"]
[White "Orfanaki, Kalliopi"]
[Black "Chasouraki, Chrysi"]
[Result "1/2-1/2"]
[WhiteElo "1357"]
[BlackElo "1319"]
[PlyCount "73"]
[EventDate "2021.08.30"]
[EventType "swiss"]
[EventRounds "9"]
[EventCountry "GRE"]
[SourceTitle "EXT 2022"]
[Source "ChessBase"]
[SourceDate "2021.10.06"]
[SourceVersion "1"]
[SourceVersionDate "2021.10.06"]
[SourceQuality "1"]

1. e4 c5 2. Nf3 e6 3. d4 cxd4 4. Nxd4 Nc6 5. Nc3 Qc7 6. Qd3 Nxd4 7. Qxd4 a6 8. Be3 b5 9. a4 b4 10. Na2 Qxc2 11. Nxb4 Qc7 12. a5 Bd6 13. Nd3 e5 14. Qb6 Rb8 15. Qxc7 Bxc7 16. Nc5 Ra8 17. b4 d6 18. Na4 Bb7 19. f3 Ne7 20. Bb6 Rc8 21. b5 axb5 22. Bxb5+ Kd8 23. a6 Ba8 24. Ke2 Ng6 25. Rhc1 Nf4+ 26. Kf1 Ne6 27. Bc6 Bxb6 28. Bxa8 Rc6 29. Rc5 Rxc5 30. Rb1 Rc1+ 31. Rxc1 Ba7 32. Bb7 Kd7 33. Nc3 Nd4 34. Nd5 Ne6 35. Nc3 Nd4 36. Nd5 Ne6 37. Ra1 1/2-1/2

[Event "GRE-chT Online Rapid (Women) 1st"]
[Site "Tornelo INT"]
[Date "2021.02.21"]
[Round "8.4"]
[White "Alexandri, Vasiliki"]
[Black "Orfanaki, Kalliopi"]
[Result "1-0"]
[WhiteElo "1339"]
[BlackElo "1394"]
[PlyCount "173"]
[EventDate "2021.02.20"]
[EventType "team-swiss (rapid)"]
[EventRounds "9"]
[EventCountry "GRE"]
[SourceTitle "EXT 2023"]
[Source "ChessBase"]
[SourceDate "2022.10.05"]
[SourceVersion "1"]
[SourceVersionDate "2022.10.05"]
[SourceQuality "1"]

1. d4 d5 2. c4 e6 3. Nc3 Nf6 4. Bg5 Be7 5. e3 b6 6. Qc2 0-0 7. Nf3 Nbd7 8. cxd5 exd5 9. Bb5 Bb7 10. 0-0 h6 11. Bh4 c5 12. Rfd1 a6 13. Bd3 Rc8 14. Qe2 a5 15. Rac1 Re8 16. Nb5 Ba6 17. Na7 Bxd3 18. Qxd3 Ra8 19. Nc6 Qc7 20. Nxe7+ Rxe7 21. a4 Ree8 22. Qb5 Ne4 23. Nd2 Ndf6 24. Bxf6 Nxf6 25. dxc5 bxc5 26. Qxc5 Qxc5 27. Rxc5 Reb8 28. Rb1 Rb7 29. Kf1 Kf8 30. Ke2 Rab8 31. b3 Ra8 32. Kd3 Ke7 33. f3 Kd6 34. Rc3 Re8 35. Nf1 h5 36. Ng3 g6 37. Ne2 Nd7 38. Rbc1 Reb8 39. Nd4 Rb6 40. Nb5+ Ke5 41. f4+ Ke6 42. Rc6+ Rxc6 43. Rxc6+ Ke7 44. Kd4 Nb6 45. Rc7+ Kf8 46. Nd6 f5 47. Rb7 Rxb7 48. Nxb7 Kf7 49. Nxa5 Kf6 50. Nc6 Ke6 51. a5 Na8 52. b4 Kd6 53. Ne5 Nc7 54. Nf7+ Kc6 55. Nd8+ Kb5 56. Kc3 Na8 57. Ne6 Kc6 58. Nd4+ Kd6 59. b5 Kc5 60. b6 Nxb6 61. axb6 Kxb6 62. Ne6 Kc6 63. Kd4 Kd6 64. Nf8 Ke7 65. Nxg6+ Kf6 66. Ne5 Ke6 67. h3 Kd6 68. g4 fxg4 69. hxg4 hxg4 70. Nxg4 Ke6 71. Ne5 Kf5 72. Kxd5 Kf6 73. e4 Ke7 74. Nc6+ Kf6 75. e5+ Kf5 76. e6 Kxf4 77. e7 Kf5 78. e8Q Kg5 79. Qf7 Kg4 80. Qf6 Kg3 81. Qf5 Kg2 82. Qf4 Kg1 83. Qf3 Kh2 84. Qg4 Kh1 85. Ke4 Kh2 86. Kf3 Kh1 87. Qg2# 1-0

[Event "GRE-chT Online Rapid (Women) 1st"]
[Site "Tornelo INT"]
[Date "2021.02.21"]
[Round "5.3"]
[White "Kapia, Aggeliki"]
[Black "Orfanaki, Kalliopi"]
[Result "1/2-1/2"]
[WhiteElo "1310"]
[BlackElo "1394"]
[PlyCount "125"]
[EventDate "2021.02.20"]
[EventType "team-swiss (rapid)"]
[EventRounds "9"]
[EventCountry "GRE"]
[SourceTitle "EXT 2023"]
[Source "ChessBase"]
[SourceDate "2022.10.05"]
[SourceVersion "1"]
[SourceVersionDate "2022.10.05"]
[SourceQuality "1"]

1. d4 d5 2. Nf3 e6 3. g3 Nf6 4. Bg2 Be7 5. 0-0 0-0 6. Nbd2 b6 7. b3 Nbd7 8. Bb2 Bb7 9. c4 c5 10. Rc1 Rc8 11. Ne5 Qc7 12. cxd5 exd5 13. Nxd7 Qxd7 14. Nf3 Rfe8 15. Ne5 Qd8 16. Qd2 Bd6 17. f4 Ne4 18. Bxe4 dxe4 19. Rfd1 e3 20. Qxe3 f6 21. Qf2 fxe5 22. dxe5 Qe7 23. Rxd6 Rcd8 24. Rcd1 Qc7 25. Qe1 Rxd6 26. Rxd6 Rd8 27. Qd2 Re8 28. e6 Ba8 29. Qd3 Qb7 30. e4 Qxe4 31. Qxe4 Bxe4 32. g4 Bb1 33. a3 Ba2 34. Rd7 Rxe6 35. Rxg7+ Kf8 36. Rxa7 Re4 37. Be5 Bxb3 38. Rxh7 c4 39. Rh8+ Ke7 40. Rb8 Re1+ 41. Kf2 Rd1 42. Rxb6 Rd3 43. h4 Bd1 44. g5 Rf3+ 45. Kg2 c3 46. Bxc3 Rxc3 47. g6 Rc2+ 48. Kg3 Rc3+ 49. Kf2 Rf3+ 50. Kg2 Rxf4 51. g7 Rg4+ 52. Kh3 Rxg7 53. Rb7+ Kf6 54. Rxg7 Kxg7 55. Kg3 Kg6 56. Kf4 Kh5 57. Kg3 Be2 58. a4 Ba6 59. a5 Bb7 60. Kh3 Ba6 61. Kg3 Bb7 62. Kh3 Ba6 63. Kg3 1/2-1/2

[Event "GRE-chT Online Rapid (Women) 1st"]
[Site "Tornelo INT"]
[Date "2021.02.21"]
[Round "7.4"]
[White "Orfanaki, Kalliopi"]
[Black "Psofimi, Milia"]
[Result "1-0"]
[WhiteElo "1394"]
[BlackElo "1623"]
[PlyCount "81"]
[EventDate "2021.02.20"]
[EventType "team-swiss (rapid)"]
[EventRounds "9"]
[EventCountry "GRE"]
[SourceTitle "EXT 2023"]
[Source "ChessBase"]
[SourceDate "2022.10.05"]
[SourceVersion "1"]
[SourceVersionDate "2022.10.05"]
[SourceQuality "1"]

1. e4 e5 2. Nf3 Nf6 3. Nxe5 d6 4. Nf3 Nxe4 5. d3 Nf6 6. Nc3 Be7 7. d4 d5 8. Be2 Bf5 9. 0-0 0-0 10. Bf4 c6 11. Qd2 Bb4 12. a3 Bxc3 13. Qxc3 Ne4 14. Qe1 Nd7 15. Bd3 Ndf6 16. Nd2 Re8 17. Nxe4 dxe4 18. Be2 Qxd4 19. c3 Qb6 20. b4 Nd5 21. Bg3 Rad8 22. Bc4 e3 23. Bxd5 cxd5 24. fxe3 Qxe3+ 25. Qxe3 Rxe3 26. Rxf5 Rxc3 27. Re5 Kf8 28. Bf2 b6 29. a4 d4 30. Rae1 d3 31. Bd4 Rc4 32. Be3 Rxb4 33. Bd2 Rxa4 34. R5e3 Rad4 35. Bc1 b5 36. Bd2 Ra4 37. Re5 a6 38. Be3 g6 39. Bh6+ Kg8 40. Re8+ Rxe8 41. Rxe8# 1-0

[Event "GRE-chT Online Rapid (Women) 1st"]
[Site "Tornelo INT"]
[Date "2021.02.20"]
[Round "4.2"]
[White "Orfanaki, Kalliopi"]
[Black "Athanasiou, Soumela"]
[Result "0-1"]
[WhiteElo "1394"]
[BlackElo "1340"]
[PlyCount "110"]
[EventDate "2021.02.20"]
[EventType "team-swiss (rapid)"]
[EventRounds "9"]
[EventCountry "GRE"]
[SourceTitle "EXT 2023"]
[Source "ChessBase"]
[SourceDate "2022.10.05"]
[SourceVersion "1"]
[SourceVersionDate "2022.10.05"]
[SourceQuality "1"]

1. e4 d5 2. exd5 Qxd5 3. Nc3 Qa5 4. d4 c6 5. Bd3 Nf6 6. Nge2 Bg4 7. h3 Bxe2 8. Qxe2 e6 9. Bd2 Qc7 10. 0-0 Bd6 11. Rfe1 0-0 12. Nd1 b5 13. Ne3 Nbd7 14. b3 Qb6 15. Bc3 a5 16. Bb2 a4 17. c4 a3 18. Bc3 b4 19. c5 Qb8 20. Bd2 Bf4 21. Nc4 Bxd2 22. Qxd2 Nd5 23. Nd6 N7f6 24. Bc2 Rd8 25. Qd3 g6 26. Qf3 Kg7 27. Bd3 Rxd6 28. cxd6 Qxd6 29. Rac1 Nc3 30. Bf1 Rc8 31. Rxc3 bxc3 32. Qxc3 Nd5 33. Qa1 Qf4 34. Bc4 Kg8 35. Bxd5 cxd5 36. Qd1 Qf5 37. Re5 Qc2 38. Qe2 Qb2 39. Rxe6 Qxd4 40. Ra6 Qf4 41. Rxa3 Rc1+ 42. Qf1 Rxf1+ 43. Kxf1 Qc1+ 44. Ke2 Qxa3 45. Kd3 Qxa2 46. Kd4 Qxb3 47. f4 Qc4+ 48. Ke3 d4+ 49. Kf3 d3 50. f5 d2 51. Kf2 d1Q 52. f6 Qde2+ 53. Kg1 Qf1+ 54. Kh2 Qcf4+ 55. g3 Q4f2# 0-1

[Event "GRE-ch Online Rapid (Women) 1st"]
[Site "Tornelo INT"]
[Date "2021.02.06"]
[Round "1"]
[White "Sklavounou, Kalliopi"]
[Black "Orfanaki, Kalliopi"]
[Result "0-1"]
[WhiteElo "1328"]
[BlackElo "1081"]
[PlyCount "84"]
[EventDate "2021.02.06"]
[EventType "swiss (rapid)"]
[EventRounds "8"]
[EventCountry "GRE"]
[SourceTitle "EXT 2023"]
[Source "ChessBase"]
[SourceDate "2022.10.05"]
[SourceVersion "1"]
[SourceVersionDate "2022.10.05"]
[SourceQuality "1"]

1. Nf3 d5 2. g4 Bxg4 3. Bg2 Nf6 4. d4 e6 5. c4 Nbd7 6. Nbd2 Be7 7. b3 0-0 8. Bb2 b6 9. h3 Bh5 10. Nf1 c5 11. Ng3 Bg6 12. 0-0 h6 13. Re1 Rc8 14. Nh4 Bh7 15. cxd5 exd5 16. Nhf5 cxd4 17. Nxe7+ Qxe7 18. Bxd4 Bc2 19. Qd2 Ne4 20. Nxe4 Bxe4 21. f3 Bh7 22. Rac1 Nf6 23. Qb2 Rfd8 24. Red1 Qe6 25. Qd2 Qd6 26. Bxf6 Qxf6 27. Rxc8 Rxc8 28. Qxd5 Qe7 29. Qd2 Qc5+ 30. Kh1 Bg6 31. Re1 Qe7 32. Qd4 Rc2 33. e4 Rxa2 34. e5 Rc2 35. Kh2 Rc7 36. f4 Rd7 37. Qe3 Bf5 38. Qf2 Rd3 39. Qb2 Qe6 40. Kg1 Rxb3 41. Qc1 Rg3 42. Qd2 Bxh3 0-1